Statistics for Mountain Ranges of Colorado With Map

Click here to take the quiz!

General Stats

  • This quiz has been taken 61 times
    (54 since last reset)
  • The average score is 9 of 35

Answers on the Map

Answers color-coded by a green-red scale on the quiz's map according to % correct below.
 

Answer Stats

TypeRange% Correct
Parent RangeFront Range
93%
Parent RangeSan Juan Mountains
81%
Parent RangeSangre de Cristo Range
70%
Parent RangeSawatch Range
67%
Other Child RangesElk Mountains
48%
Sawatch Sub-RangesCollegiate Peaks
41%
Other Child RangesMosquito Range
41%
Other Child RangesTenmile Range
41%
Other Child RangesGore Range
37%
Other Child RangesMedicine Bow Mountains
26%
Parent RangePark Range
26%
Front Range Sub-RangesRampart Range
26%
Parent RangeUinta Range
26%
Other Child RangesLaramie Mountains
22%
Sangre de Cristo Sub-RangesSpanish Peaks
22%
Other Child RangesFlat Tops
19%
Front Range Sub-RangesIndian Peaks
19%
San Juan Sub-RangesLa Plata Mountains
19%
Front Range Sub-RangesMummy Range
19%
Other Child RangesRabbit Ears Range
19%
San Juan Sub-RangesSneffels Range
19%
Other Child RangesUncompahgre Plateau
19%
Sangre de Cristo Sub-RangesWet Mountains
19%
Sangre de Cristo Sub-RangesCulebra Range
11%
San Juan Sub-RangesSan Miguel Mountains
11%
Park Range Sub-RangesElkhead Mountains
7%
Other Child RangesLa Sal Mountains
7%
Park Range Sub-RangesNorth Williams Fork Mountains
7%
Sangre de Cristo Sub-RangesSierra Blanca
7%
Front Range Sub-RangesSouth Williams Fork Mountains
7%
Front Range Sub-RangesKenosha Mountains
4%
San Juan Sub-RangesLa Garita Mountains
4%
Park Range Sub-RangesSierra Madre
4%
Front Range Sub-RangesTarryall Mountains
4%
San Juan Sub-RangesNeedle Mountains
0%

Score Distribution

Percentile by Number Answered

Percent of People with Each Score

Your Score History

You have not taken this quiz since the last reset